Normal view
MARC view
- Headache
Entry Topical Term
001 - CONTROL NUMBER
- control field: 5379
003 - CONTROL NUMBER IDENTIFIER
- control field: OSt
005 - DATE AND TIME OF LATEST TRANSACTION
- control field: 20170517113454.0
008 - FIXED-LENGTH DATA ELEMENTS
- fixed length control field: 170517|| aca||aabn | a|a d
040 ## - CATALOGING SOURCE
- Original cataloging agency: OSt
- Transcribing agency: OSt
150 ## - HEADING--TOPICAL TERM
- Topical term or geographic name entry element: Headache
- Form subdivision: Popular works.
670 ## - SOURCE DATA FOUND
- Source citation: Work cat.: (OSt): Wilkinson, Marcia. 5378, Family doctor guide to migraine & other headaches /, 1999.

PORTAL AKMAL
E-MEL JKDM
AKMAL2U
G-BAM
u-PUSTAKA